| 000 | 01097cad a22002295a 4500 | ||
|---|---|---|---|
| 001 | E147707 | ||
| 008 | 090605e20090528xxk f 000 0 eng d | ||
| 035 | _a(Sirsi) u147707 | ||
| 041 | 0 | _aeng | |
| 050 | 0 | 4 | _a333.332 $2 19 |
| 110 | 2 |
_aRoyal Institution of Chartered Surveyors _bValuation Professional Group _95719 |
|
| 245 | 0 | 0 |
_aValuation information alert _bguidance to lenders and valuers when conducting loan security valuation reviews _h[electronic resource] |
| 260 |
_aLondon _bRICS _c2009 |
||
| 490 | 0 | _aValuation Information Alert | |
| 520 | _aAimed primarily at commercial property, this Valuation Information Alert gives guidance to both valuers and lenders on the advice that can be provided when conducting loan security valuation reviews in circumstances when values are changing rapidly. | ||
| 521 | _aAdvanced | ||
| 590 | _aKA | ||
| 651 | 4 |
_aUnited Kingdom _y |
|
| 690 | _aPROPERTY-PROPERTY APPRAISAL AND VALUATION | ||
| 856 | 4 | 0 |
_uhttps://www.rics.org/Global/Downloads/Valuation_Information_Alert_final_jun_09.pdf _zView the information alart at www.rics.org... |
| 942 | _n0 | ||
| 999 |
_c109695 _d109695 |
||